Mercu 2 : hadiah cerpen Maybank-DBP 92:kategori B
| Format: | Book |
|---|---|
| Published: |
Kuala Lumpur :
DBP ,
1993
|
| Subjects: |
MARC
| LEADER | 00000cam a2200000 7i4500 | ||
|---|---|---|---|
| 001 | 0000003161 | ||
| 002 | 000003417 | ||
| 005 | 20000330.0 | ||
| 020 | |a 983623599X | ||
| 090 | 0 | 0 | |a 899.233010803 |b MER |
| 245 | 0 | 0 | |a Mercu 2 : |b hadiah cerpen Maybank-DBP 92:kategori B |
| 260 | |a Kuala Lumpur : |b DBP , |c 1993 | ||
| 300 | |a 130p. ; |c 21cm. | ||
| 650 | 0 | 0 | |a Malay fiction |
| 650 | 0 | 0 | |a Short stories, Malay |
| 999 | |a 036753 |b BUKU |c PINJAMAN |e PERPUSTAKAAN KOMUNITI PETALING JAYA | ||